Psychological aspects of polarisation phenomenon / (Record no. 891799)
[ view plain ]
| 000 -LEADER | |
|---|---|
| fixed length control field | 01063nam a2200325 a 4500 |
| 001 - CONTROL NUMBER | |
| control field | vtls001439594 |
| 003 - CONTROL NUMBER IDENTIFIER | |
| control field | NLI |
| 005 - DATE AND TIME OF LATEST TRANSACTION | |
| control field | 20210627122025.0 |
| 008 - FIXED-LENGTH DATA ELEMENTS--GENERAL INFORMATION | |
| fixed length control field | 121130s1992 ii 001 0 eng |
| 020 ## - INTERNATIONAL STANDARD BOOK NUMBER | |
| International Standard Book Number | 8170224136 |
| Terms of availability | Rs.165.00 |
| 039 #9 - LEVEL OF BIBLIOGRAPHIC CONTROL AND CODING DETAIL [OBSOLETE] | |
| Level of rules in bibliographic description | 201711171345 |
| Level of effort used to assign nonsubject heading access points | syamalkb |
| -- | 201211301649 |
| -- | VLOAD |
| 040 ## - CATALOGING SOURCE | |
| Original cataloging agency | NLI |
| Language of cataloging | eng |
| Transcribing agency | Datasoft_GENG |
| Description conventions | AACR2 |
| 041 0# - LANGUAGE CODE | |
| Language code of text/sound track or separate title | eng |
| 044 ## - COUNTRY OF PUBLISHING/PRODUCING ENTITY CODE | |
| MARC country code | ii |
| 082 04 - DEWEY DECIMAL CLASSIFICATION NUMBER | |
| Classification number | 150 |
| 100 1# - MAIN ENTRY--PERSONAL NAME | |
| Personal name | Suar, Damodar, |
| Dates associated with a name | 1954- |
| 9 (RLIN) | 1003633 |
| 245 10 - TITLE STATEMENT | |
| Title | Psychological aspects of polarisation phenomenon / |
| Statement of responsibility, etc. | Damodar Suar |
| 260 ## - PUBLICATION, DISTRIBUTION, ETC. | |
| Place of publication, distribution, etc. | New Delhi : |
| Name of publisher, distributor, etc. | Concept Publishing, |
| Date of publication, distribution, etc. | 1992 |
| 300 ## - PHYSICAL DESCRIPTION | |
| Extent | 219 p. ; |
| Dimensions | 22 cm. |
| 504 ## - BIBLIOGRAPHY, ETC. NOTE | |
| Bibliography, etc. note | Includes bibliographical references and index |
| 650 #0 - SUBJECT ADDED ENTRY--TOPICAL TERM | |
| Topical term or geographic name entry element | Psychology |
| 9 (RLIN) | 683737 |
| 887 ## - NON-MARC INFORMATION FIELD | |
| Content of non-MARC field | syamal Kanti Biswas |
| 901 ## - LOCAL DATA ELEMENT A, LDA (RLIN) | |
| a | DB64745 : |
| b | 08.02.1994 |
| 902 ## - LOCAL DATA ELEMENT B, LDB (RLIN) | |
| a | E 150 Su 12 |
| 904 ## - LOCAL DATA ELEMENT D, LDD (RLIN) | |
| l | 657 |
| 905 ## - LOCAL DATA ELEMENT E, LDE (RLIN) | |
| a | syamal Kanti Biswas |
| 949 ## - LOCAL PROCESSING INFORMATION (OCLC) | |
| -- | VIRTUAITEM |
| -- | 10000 |
| -- | 100 |
| 6 | DBA000064745ENG |
| 942 ## - ADDED ENTRY ELEMENTS (KOHA) | |
| Source of classification or shelving scheme | Dewey Decimal Classification |
| Koha item type | Books |
| Withdrawn status | Lost status | Damaged status | Not for loan | Collection code | Home library | Current library | Shelving location | Date acquired | Total Checkouts | Full call number | Barcode | Date last seen | Price effective from | Koha item type |
|---|---|---|---|---|---|---|---|---|---|---|---|---|---|---|
| New English | National Library of India | National Library of India | New English - Main Stack Division | E 150 Su 12 | DBA000064745ENG | 27/06/2021 | 27/06/2021 | Books |
